000 00300nam a2200109Ia 4500
008 230907s9999||||xx |||||||||||||| ||und||
082 _a5.1
_bLAP
100 _aLaplante, Phillip A.,
_955695
245 0 _aRequirements engineering for software and systems /
300 _axxi, 375 pages ;
942 _cBK
999 _c600003
_d600003